00905nam a2200229 a 450000100100000000500170001000800410002702000150006804000250008310000250010824000580013324500960019126000500028730000310033749000490036850000360041770000340045383000420048783000240052995201050055399900170065800004343220201002040916.0140317s1998 sp c 000 0 spa d a8493006513 aDO-SdBNPbspacBNPHU1 aSpoto, Donald97109810aThe dark side of genius. The life of Alfred Hitchcock10aAlfred Hitchcock :bla cara oculta del genio. /cDonald Spoto; traducción Domingo Santos. aMadrid, :bT&B EditoresbEdiciones JC,c1998. a508 p. :bretrs. ;c24 cm.1 aEdiciones de cultura hispanicaaColombinav2 aIncluye notas a pie de página12aSantos, Domingoetrad.942720 0aEdiciones de cultura hispanica971099 0aColombinan2971100 001050718MOaGRbGRcCTd2014-03-17iLF1l0o p43432-10r2020-06-25w2020-06-25y1ZNo se presta c42921d42921